000 00592nam a2200205Ia 4500
005 20260415173411.0
008 008 250505s9999 xx 000 0 eng d
020 _a978-1-5443-9025-3
037 _aReference
040 _aFEDL
_beng
_cFEDL
041 _aeng
_2eng
084 _a362.4 CAR/RR
_qFEDL
100 _aCarey Allison C
_9783363
245 0 _aDisability and the sociological imagination
260 _aLos Angeles, USA
_bSage
_c2022
300 _axix, 332p.
365 _aPrice varies
942 _cREF
_h362.4 CAR/RR
999 _c1400015
_d1400015